000 00413nam a2200157 i 4500
001 bg
100 1 _aBirjukov, Boris Vladimirovič.
245 1 0 _aCybernetyka w naukach humanistycznych /
_cB.W. Biriukow, J.S. Geller.
260 _aWrocław,
_c1983.
700 1 _aGeller, Efim Samuilovič.
040 _cBPK
041 _apol
080 _a009:007
942 _cKS
008 s pl f |000 0 pol
999 _c22236
_d22236
856 _uhttp://koha.tu.koszalin.pl/cgi-bin/koha/opac-detail.pl?biblionumber=22236
_yKatalog online BPK